| 000 | 00406nam a22001337a 4500 | ||
|---|---|---|---|
| 999 |
_c522720 _d522720 |
||
| 008 | 230509b ||||| |||| 00| 0 eng d | ||
| 100 |
_aKhatua, Niljanjan _940655 |
||
| 245 | _aHealth problems and health care issues among the tribal communities of central India | ||
| 260 | _aMan In India | ||
| 300 | _a10(3-4), 2022: p.329-346 | ||
| 773 | _aMan In India | ||
| 906 | _aTRIBES - INDIA | ||
| 942 | _cAR | ||